Central Library OPAC University of Rajshahi

সময়ের জলছাপ / (Record no. 84210)

MARC details
000 -LEADER
fixed length control field 00751nam a2200217 a 4500
001 - CONTROL NUMBER
control field 84210
003 - CONTROL NUMBER IDENTIFIER
rucl marc code BD-RjUL
005 - DATE AND TIME OF LATEST TRANSACTION
control field 20241103104501.0
008 - FIXED-LENGTH DATA ELEMENTS--GENERAL INFORMATION
fixed length control field 241103s2021 bg ||||| |||| 00| 0 eng d
035 ## - SYSTEM CONTROL NUMBER
System control number (BD-RjUL)84210
040 ## - CATALOGING SOURCE
Original cataloging agency BD-RjUL
Language of cataloging eng
Transcribing agency BD-RjUL
041 ## - LANGUAGE CODE
Language code of text/sound track or separate title ben
082 ## - DEWEY DECIMAL CLASSIFICATION NUMBER
Edition number 23
Classification number 891.448
Author mark and year TAS 2021
100 ## - MAIN ENTRY--PERSONAL NAME
Personal name তাহের, মোঃ আবু
9 (RLIN) 14028
245 ## - TITLE STATEMENT
Title সময়ের জলছাপ /
Statement of responsibility, etc. মোঃ আবু তাহের
260 ## - PUBLICATION, DISTRIBUTION, ETC. (IMPRINT)
Place of publication, distribution, etc. ঢাকা :
Name of publisher, distributor, etc. আবীর পাবলিকেশন্স,
Date of publication, distribution, etc. ২০২১
300 ## - PHYSICAL DESCRIPTION
Pagination ১১২ পৃ.;
Size ২২ সেমি.
650 ## - SUBJECT ADDED ENTRY--TOPICAL TERM
Topical term or geographic name as entry element বাংলা বিবিধ লেখা
9 (RLIN) 14040
Topical term or geographic name as entry element Bengali miscellaneous writing
9 (RLIN) 14041
942 ## - ADDED ENTRY ELEMENTS (KOHA)
Source of classification or shelving scheme Dewey Decimal Classification
Koha item type Books
Holdings
Lost status Source of classification or shelving scheme Damaged status Not for loan Collection code Permanent Location Current Location Shelving location Date acquired Source of acquisition Cost, normal purchase price Total Checkouts Full call number Date last seen Copy number Koha item type
  Dewey Decimal Classification   Not For Loan Non-fiction Central Library, University of Rajshahi Central Library, University of Rajshahi Reading Room 31/10/2024 Author 200.00   B 891.448 TAS 2021 03/11/2024 C-1 Books
  Dewey Decimal Classification     Non-fiction Central Library, University of Rajshahi Central Library, University of Rajshahi General Stacks 31/10/2024 Author 200.00   B 891.448 TAS 2021 03/11/2024 C-2 Books